<?xml version="1.0" encoding="UTF-8"?>
<marc:record xmlns:marc="http://www.loc.gov/MARC21/slim">
   <marc:leader>00000nam a2200000 a 4500</marc:leader>
   <marc:datafield ind1="1" ind2=" " tag="100">
      <marc:subfield code="a">Dubini, Miriam</marc:subfield>
      <marc:subfield code="4">aut</marc:subfield>
      <marc:subfield code="e">Verfasser/-in</marc:subfield>
   </marc:datafield>
   <marc:datafield ind1="0" ind2="0" tag="245">
      <marc:subfield code="a">Aria</marc:subfield>
   </marc:datafield>
   <marc:datafield ind1="0" ind2="0" tag="245">
      <marc:subfield code="c">Miriam Dubini. Aus dem Ital. von Ulrike Schimming</marc:subfield>
   </marc:datafield>
   <marc:datafield ind1=" " ind2="1" tag="264">
      <marc:subfield code="a">Stuttgart</marc:subfield>
      <marc:subfield code="b">Planet Girl</marc:subfield>
      <marc:subfield code="c">2014</marc:subfield>
   </marc:datafield>
   <marc:datafield ind1="1" ind2=" " tag="520">
      <marc:subfield code="a">Angaben aus der Verlagsmeldung

Aria, Das Schicksal fährt Fahrrad / von Miriam Dubini

Verloren gegangene Briefe, Päckchen und Nachrichten landen leider nicht im Fundbüro. Manchmal tauchen sie auf kuriose Weise plötzlich wieder auf – vielleicht sogar erst viele Jahre später, aber genau im richtigen Moment.

"Was für ein Idiot!" Bei einer stürmischen Begegnung lernt Aria Anselmo kennen, der als Fahrradkurier genau wie sie selbst am liebsten auf zwei Rädern in Rom unterwegs ist. Doch Anselmo ist kein normaler Kurier. Seine Nachrichten treffen irgendwie immer im richtigen Moment ein und verändern das Schicksal ihrer Empfänger. Dieses Mal bekommt er selbst eine Botschaft: Aria.
</marc:subfield>
   </marc:datafield>
   <marc:datafield ind1=" " ind2=" " tag="020">
      <marc:subfield code="a">9783522503907</marc:subfield>
      <marc:subfield code="9">9783522503907</marc:subfield>
   </marc:datafield>
   <marc:datafield ind1=" " ind2=" " tag="020">
      <marc:subfield code="a">3522503902</marc:subfield>
      <marc:subfield code="9">3522503902</marc:subfield>
   </marc:datafield>
   <marc:datafield ind1=" " ind2=" " tag="300">
      <marc:subfield code="a">201 S.</marc:subfield>
   </marc:datafield>
</marc:record>
